书目信息 |
| 题名: |
旅游景区经营管理中的法律问题
|
|
| 作者: | 杨富斌 , 王天星 , 韩玉灵 主编 | |
| 分册: | ||
| 出版信息: | 北京 中国旅游出版社 2006 |
|
| 页数: | 258页 | |
| 开本: | 23cm | |
| 丛书名: | 中国旅游景区建设与管理丛书 | |
| 单 册: | ||
| 中图分类: | D922.296.4 | |
| 科图分类: | ||
| 主题词: | 风景区--经济管理--法律--研究--中国 , 风景区 , 经济管理 , 法律 | |
| 电子资源: | ||
| ISBN: | 7-5032-2931-4 | |
| 000 | 01281oam2 2200325 450 | |
| 001 | 003291308 | |
| 005 | 20091207094238.20 | |
| 010 | @a7-5032-2931-4@dCNY26.00 | |
| 100 | @a20060518d2006 em y0chiy0110 ea | |
| 101 | 0 | @achi |
| 102 | @aCN@b110000 | |
| 105 | @ay z 000yy | |
| 106 | @ar | |
| 200 | 1 | @a旅游景区经营管理中的法律问题@9lv you jing qu jing ying guan li zhong de fa lv wen ti@dLegal issues on operation and management of tourist attraction@f杨富斌,王天星,韩玉灵主编@zeng |
| 210 | @a北京@c中国旅游出版社@d2006 | |
| 215 | @a258页@d23cm | |
| 225 | 2 | @a中国旅游景区建设与管理丛书 |
| 330 | @a本书从预防经营管理中的法律风险的角度出发,对旅游景区在实际工作中可能遇到的诸多如何防范与应对旅游者游览过程中发生的人身伤害及财产损失、如何应对旅游景区管理中的危机等问题进行了分析。 | |
| 461 | 0 | @12001 @a中国旅游景区建设与管理丛书 |
| 510 | 1 | @aLegal issues on operation and management of tourist attraction@zeng |
| 606 | 0 | @a风景区@x经济管理@x法律@x研究@y中国 |
| 606 | 0 | @a风景区 |
| 606 | 0 | @a经济管理 |
| 606 | 0 | @a法律 |
| 690 | @aD922.296.4@v4 | |
| 701 | 0 | @a杨富斌@9yang fu bin@f(1958.4~)@4主编 |
| 701 | 0 | @a王天星@9wang tian xing@4主编 |
| 701 | 0 | @a韩玉灵@9han yu ling@4主编 |
| 801 | 0 | @aCN@bNLC@c20091207 |
| 905 | @b20796794-99@dD922.296.4@e866@f6 | |
| 旅游景区经营管理中的法律问题=Legal issues on operation and management of tourist attraction/杨富斌,王天星,韩玉灵主编.-北京:中国旅游出版社,2006 |
| 258页;23cm.-(中国旅游景区建设与管理丛书) |
| ISBN 7-5032-2931-4:CNY26.00 |
| 本书从预防经营管理中的法律风险的角度出发,对旅游景区在实际工作中可能遇到的诸多如何防范与应对旅游者游览过程中发生的人身伤害及财产损失、如何应对旅游景区管理中的危机等问题进行了分析。 |
| ● |
| 相关链接 |
|
|
|
|
正题名:旅游景区经营管理中的法律问题
索取号:D922.296.4/866
 
预约/预借
| 序号 | 登录号 | 条形码 | 馆藏地/架位号 | 状态 | 备注 |
| 1 | 796794 | 207967949 | 第一样本阅览室/ [索取号:D922.296.4/866] | 在馆 | |
| 2 | 796795 | 207967958 | 第一借阅区/ [索取号:D922.296.4/866] | 在馆 | |
| 3 | 796796 | 207967967 | 第一借阅区/ [索取号:D922.296.4/866] | 在馆 | |
| 4 | 796797 | 207967976 | 第一借阅区/ [索取号:D922.296.4/866] | 在馆 | |
| 5 | 796798 | 207967985 | 第一借阅区/ [索取号:D922.296.4/866] | 在馆 | |
| 6 | 796799 | 207967994 | 密集书库-资源管理系/ [索取号:D922.296.4/866] | 在馆 |